Teoría y práctica de geometría proyectiva / (Record no. 27810)

MARC details
000 -LEADER
campo de control de longitud fija 00593nam a2200169 i 4500
001 - NÚMERO DE CONTROL
campo de control 27810
003 - IDENTIFICADOR DE NÚMERO DE CONTROL
campo de control ES-MaACL
007 - CAMPO FIJO DE DESCRIPCIÓN FÍSICA--INFORMACIÓN GENERAL
campo de control de longitud fija t|
008 - DATOS DE LONGITUD FIJA--INFORMACIÓN GENERAL
campo de control de longitud fija 030115s1971 mx ||||1| spa d
100 1# - ENTRADA PRINCIPAL--NOMBRE DE PERSONA
Nombre de persona Ayres, Frank.
9 (RLIN) 24191
245 10 - MENCIÓN DEL TÍTULO
Título Teoría y práctica de geometría proyectiva /
Mención de responsabilidad, etc. por Frank Ayres ; traducción y adaptación Amaury Llamas Jimeno y Campo Elías Veloza Cantor.
260 ## - PUBLICACIÓN, DISTRIBUCIÓN, ETC.
Lugar de publicación, distribución, etc. México :
Nombre del editor, distribuidor, etc. McGraw-Hill,
Fecha de publicación, distribución, etc. [1971]
300 ## - DESCRIPCIÓN FÍSICA
Extensión 247 p. :
Otras características físicas il. ;
Dimensiones 28 cm.
700 1# - ENTRADA AGREGADA--NOMBRE PERSONAL
Nombre de persona Llamas Jimeno, Amaury.
9 (RLIN) 72668
700 1# - ENTRADA AGREGADA--NOMBRE PERSONAL
Nombre de persona Veloza Cantor, Campo Elías.
9 (RLIN) 113865
852 ## - LOCALIZACIÓN
Ubicación ES-MaACL
Número de control de estantería E-5822
Sublocalización o colección R.90076
Holdings
Estatus retirado Estado de pérdida Estado de daño No para préstamo Biblioteca de origen Biblioteca actual Ubicación en estantería Fecha de adquisición Fuente de adquisición Total de préstamos Signatura topográfica completa Código de barras Visto por última vez Precio de reemplazo Tipo de ítem Koha
        Biblioteca del Ateneo de Madrid Biblioteca del Ateneo de Madrid Depósito 2 17/01/2008     E-5822 1028716 23/02/2023 23/02/2023 Libro impreso